Czy potrafisz odgadnąć te miasta? #2 - Statystyki

Ogólne statystyki
  • Ten quiz został rozwiązany 30 razy
  • Średni wynik to 6 z 20
Statystyki odpowiedzi
Podpowiedź Miasto % Poprawnych
Stolica Imperium Rosyjskiego w latach 1712-1918 Petersburg
85%
Największy port nad Morzem Kaspijskim Baku
50%
Miasto z najbardziej ruchliwym lotniskiem na świecie Atlanta
46%
Największy ośrodek religii islamskiej na świecie Kair
46%
Stolica regionu Macedonii Saloniki
46%
Stolica jedynego kraju na świecie, które jest w 100% zurbanizowane Singapur
46%
Stolica jedynej enklawy znajdującej się poza Europą Maseru
42%
Dawna stolica Japonii. W tłumaczeniu na język polski nazwa miasta oznacza Miasto Stołeczne Kioto
38%
Piąte najludniejsze miasto Czech Liberec
38%
Stolica, która nosi taką samą nazwę jak drugie największe miasto Libanu Trypolis
27%
W mieście znajduje się lotnisko Aeropuerto Internacional Comodoro Arturo Merino Benítez Santiago
23%
Z miasta pochodzą kluby piłkarskie - Gremio oraz Internacional Porto Alegre
19%
Pierwsze na świecie miasto z darmowym transportem publicznym Luksemburg
15%
W mieście znajduje się Centrum Kosmiczne im. Johna F. Kennedy'ego Orlando
15%
Potocznie nazywane "Szmaragdowym Miastem" Seattle
15%
Pełna nazwa tego miasta oznacza Wniebowzięcie Najświętszej Maryi Panny Asuncion
12%
W mieście znajduje się stadion Bramall Lane Sheffield
12%
Miasto leżące przy cieśninie Strait of Georgia Vancouver
12%
Miasto leżące przy ujściu rzeki Tay Dundee
8%
Miasto znane pod pseudonimem "Miasto Kościołów" Adelaide
4%
Nie znaleziono quizów pasujących do podanych kryteriów
Rozkład punktacji
Procent ludzi z każdym wynikiem
Percentyl według liczby udzielonych odpowiedzi
Twoja historia wyników
Nie rozwiązałeś tego quizu